[Event "Guernsey International Holiday 2014"]
[Site "Guernsey, GCI"]
[Date "2014.10.25"]
[Round "7"]
[White "Zonneveld, Jos"]
[Black "Bakkes, Frits"]
[Result "0-1"]
[WhiteElo "1528"]
[BlackElo "1630"]
[PlyCount "107"]
[EventDate "2014.10.19"]
[EventType "swiss"]
[EventRounds "7"]
[SourceDate "2015.01.07"]

1. e4 c5 2. Nf3 Nc6 3. Bc4 d6 4. c3 Nf6 5. d3 Bg4 6. O-O a6 7. Nbd2 Ne5 8. Qe2
Nfd7 9. d4 Nxc4 10. Nxc4 g6 11. h3 Bxf3 12. Qxf3 Bg7 13. d5 O-O 14. Bf4 b5 15.
Nd2 c4 16. b4 Nb6 17. Rac1 Na4 18. Nb1 Nb2 19. Rc2 Nd3 20. Be3 a5 21. a3 axb4
22. axb4 Qd7 23. Bb6 f5 24. Re2 fxe4 25. Qxe4 Bf6 26. Ba5 Be5 27. Qg4 Qxg4 28.
hxg4 Rae8 29. g3 g5 30. Kg2 e6 31. dxe6 Rxe6 32. Bb6 Rfe8 33. Be3 h6 34. Ra2
Rb8 35. Ra6 Ree8 36. Rh1 Kg7 37. Ra7+ Kg6 38. Ra6 Ra8 39. Rxa8 Rxa8 40. f4 gxf4
41. gxf4 Bxf4 42. Bxf4 Nxf4+ 43. Kf3 Nd3 44. Rh5 Ne5+ 45. Kg3 Ra2 46. Rf5 Rc2
47. Rf1 Re2 48. Kf4 Rg2 49. Na3 Rxg4+ 50. Ke3 Rg5 51. Kd4 Nc6+ 52. Ke3 Re5+ 53.
Kf4 Rf5+ 54. Ke3 0-1

[Event "Guernsey International Holiday 2014"]
[Site "Guernsey, GCI"]
[Date "2014.10.25"]
[Round "7"]
[White "Jongerius, Marc"]
[Black "Colsen, Manuel"]
[Result "1/2-1/2"]
[WhiteElo "1701"]
[BlackElo "1555"]
[PlyCount "38"]
[EventDate "2014.10.19"]
[EventType "swiss"]
[EventRounds "7"]
[SourceDate "2015.01.07"]

1. e4 c6 2. d4 d5 3. Nc3 dxe4 4. Nxe4 Bf5 5. Ng3 Bg6 6. h4 h6 7. h5 Bh7 8. Nf3
Nf6 9. Bd3 Bxd3 10. Qxd3 Nbd7 11. Bd2 e6 12. Qb3 Bd6 13. O-O-O Bxg3 14. fxg3
Ne4 15. Be1 Qc7 16. Nd2 Ndf6 17. Nxe4 Nxe4 18. Rh4 Nf6 19. Qf3 O-O-O 1/2-1/2

[Event "Guernsey International Holiday 2014"]
[Site "Guernsey, GCI"]
[Date "2014.10.25"]
[Round "7"]
[White "Svenneling, Matz"]
[Black "Beadle, John"]
[Result "0-1"]
[WhiteElo "1504"]
[BlackElo "1690"]
[PlyCount "62"]
[EventDate "2014.10.19"]
[EventType "swiss"]
[EventRounds "7"]
[SourceDate "2015.01.07"]

1. e4 c6 2. d4 d5 3. exd5 cxd5 4. Bd3 Nf6 5. Bf4 Nc6 6. c3 g6 7. Nf3 Bg7 8. Qb3
O-O 9. Nbd2 a6 10. a4 Nh5 11. Bg5 Bf6 12. Bxf6 Nxf6 13. O-O Rb8 14. Ne5 Qc7 15.
f4 e6 16. Rf3 b5 17. axb5 axb5 18. Rg3 b4 19. Qd1 bxc3 20. bxc3 Bd7 21. Qe2 Rb2
22. f5 exf5 23. Qe3 Kg7 24. Rf1 Re8 25. Bxf5 Nxe5 26. dxe5 Rxe5 27. Qg5 Rxf5
28. Rxf5 Bxf5 29. Qxf5 Rxd2 30. Qg5 Qb6+ 31. Re3 Qb1+ 0-1

[Event "Guernsey International Holiday 2014"]
[Site "Guernsey, GCI"]
[Date "2014.10.25"]
[Round "7"]
[White "Borland, Tom"]
[Black "Collins, Alan"]
[Result "0-1"]
[WhiteElo "1597"]
[BlackElo "1645"]
[PlyCount "62"]
[EventDate "2014.10.19"]
[EventType "swiss"]
[EventRounds "7"]
[SourceDate "2015.01.07"]

1. d4 d6 2. c4 e5 3. dxe5 dxe5 4. Qxd8+ Kxd8 5. Nc3 c6 6. Nf3 f6 7. Bd2 Be6 8.
e3 Nd7 9. Be2 Nh6 10. O-O-O Kc7 11. h3 Be7 12. Ne1 Nf7 13. Nc2 Rad8 14. f4 Nc5
15. b3 Nd3+ 16. Bxd3 Rxd3 17. g4 h5 18. f5 Bc8 19. Ne4 b6 20. Nf2 Rdd8 21. Bc3
c5 22. Rxd8 Kxd8 23. Kd2 Bb7 24. Rg1 Ng5 25. Ke2 hxg4 26. hxg4 Bf3+ 27. Kf1 Kc7
28. Ne1 Bc6 29. Rg3 Bd6 30. Ke2 Rh2 31. Rg1 Ne4 0-1

[Event "Guernsey International Holiday 2014"]
[Site "Guernsey, GCI"]
[Date "2014.10.25"]
[Round "7"]
[White "Van Beek, Ronald"]
[Black "Harnden, Terry"]
[Result "1/2-1/2"]
[WhiteElo "1290"]
[BlackElo "1496"]
[PlyCount "44"]
[EventDate "2014.10.19"]
[EventType "swiss"]
[EventRounds "7"]
[SourceDate "2015.01.07"]

1. d4 Nf6 2. Nf3 d5 3. h3 g6 4. Bf4 Bg7 5. e3 O-O 6. Be2 b6 7. O-O Ba6 8. Nbd2
Bxe2 9. Qxe2 Nbd7 10. b3 c5 11. Rad1 Re8 12. dxc5 Nxc5 13. Bh2 Qc8 14. c4 dxc4
15. Nxc4 Nfe4 16. Qc2 Nf6 17. Be5 Nce4 18. Bxf6 Nxf6 19. Rc1 Rd8 20. Ncd2 Qxc2
21. Rxc2 Rac8 22. Rfc1 Rxc2 1/2-1/2

[Event "Guernsey International Holiday 2014"]
[Site "Guernsey, GCI"]
[Date "2014.10.25"]
[Round "7"]
[White "Bennett, David"]
[Black "Le Messurier, Rosemary"]
[Result "1/2-1/2"]
[WhiteElo "1360"]
[BlackElo "1210"]
[PlyCount "49"]
[EventDate "2014.10.19"]
[EventType "swiss"]
[EventRounds "7"]
[SourceDate "2015.01.07"]

1. Nf3 Nc6 2. d4 d5 3. Bf4 e6 4. a3 Nf6 5. Nbd2 Bd6 6. Bxd6 Qxd6 7. e3 Bd7 8.
Be2 O-O-O 9. O-O h5 10. c4 dxc4 11. Nxc4 Qd5 12. Rc1 a6 13. Nce5 Nxe5 14. Nxe5
Be8 15. Bf3 Qd6 16. Qb3 Nd5 17. Rc2 f6 18. Nc4 Qe7 19. Nb6+ Nxb6 20. Qxb6 Bc6
21. Qc5 Qxc5 22. Rxc5 Bxf3 23. gxf3 Rd5 24. Rfc1 Rxc5 25. Rxc5 1/2-1/2

[Event "Guernsey International Holiday 2014"]
[Site "Guernsey, GCI"]
[Date "2014.10.25"]
[Round "7"]
[White "Brown, Jim"]
[Black "Newrick, William R"]
[Result "1/2-1/2"]
[WhiteElo "1195"]
[BlackElo "1383"]
[PlyCount "35"]
[EventDate "2014.10.19"]
[EventType "swiss"]
[EventRounds "7"]
[SourceDate "2015.01.07"]

1. Nf3 d5 2. d4 Nf6 3. e3 e6 4. Nbd2 Bd6 5. Be2 O-O 6. O-O Nbd7 7. h3 c5 8. c3
cxd4 9. cxd4 e5 10. dxe5 Nxe5 11. Nxe5 Bxe5 12. Nf3 Qc7 13. Nxe5 Qxe5 14. Qd4
Qxd4 15. exd4 Re8 16. Re1 Be6 17. Bf4 Rac8 18. Rac1 1/2-1/2